MUSLIM SHARIF (Record no. 32585)
[ view plain ]
| 000 -LEADER | |
|---|---|
| fixed length control field | 00306nam a22001217a 4500 |
| 082 ## - DEWEY DECIMAL CLASSIFICATION NUMBER | |
| Classification number | 297.1247 |
| 100 ## - MAIN ENTRY--PERSONAL NAME | |
| Personal name | Husain Muslim bin Al-Hajjaj Al-Qushairi An-Naisaburi |
| 245 ## - TITLE STATEMENT | |
| Title | MUSLIM SHARIF |
| 260 ## - PUBLICATION, DISTRIBUTION, ETC. | |
| Place of publication, distribution, etc. | Lahore: |
| Name of publisher, distributor, etc. | Maktab-E-Rehmania; |
| Date of publication, distribution, etc. | 2002. |
| 300 ## - PHYSICAL DESCRIPTION | |
| Extent | 832p. ; |
| Other physical details | 22 cm. |
| 500 ## - GENERAL NOTE | |
| General note | Hardcover. |
| 942 ## - ADDED ENTRY ELEMENTS (KOHA) | |
| Koha item type | Book |
| Withdrawn status | Lost status | Source of classification or shelving scheme | Damaged status | Not for loan | Permanent Location | Current Location | Date acquired | Total Checkouts | Full call number | Barcode | Date last seen | Price effective from | Koha item type |
|---|---|---|---|---|---|---|---|---|---|---|---|---|---|
| School of Mechanical & Manufacturing Engineering (SMME) | School of Mechanical & Manufacturing Engineering (SMME) | 10/06/2015 | 297.1247 HUS | SMME-1388 | 03/28/2018 | 10/06/2015 | Book |
